| 000 | 00484nam a22001931c 4500 | ||
|---|---|---|---|
| 001 | tu003008457 | ||
| 008 | 051024s1956 gw a||| 000u rus d | ||
| 041 | _arus | ||
| 100 | 1 | _aČerepnin, Lev V. | |
| 245 | 0 | 0 |
_aRusskaja paleografija / _cL. V. Čerepnin |
| 250 | _a1 | ||
| 264 |
_aMoskva : _bGos. Izdat. Političeskoj Literatury, _c1956 |
||
| 300 | _a616 S. : Ill | ||
| 650 | 0 | _aPaläographie | |
| 650 | 0 | _aRussisch | |
| 942 | _cMG | ||
| 040 | _cRU-10907106 | ||
| 003 | RU-10907106 | ||
| 999 |
_c3844 _d3844 |
||